• 首页
  • 本馆介绍
  • 公告通知
  • 最新文献
  • 馆藏检索
  • 电子资源
  • 读者导购
  • 参考咨询
  • 我的图书馆
  • 登录
  • 详细信息显示
  • 放入我的书架
  • 预约/预借图书
  • 作者相关作品
  • 分类相关作品
  • 丛书相关作品
  • 出版社相关作品

书目信息

  • 表格格式
  • 工作单格式
  • 卡片格式
题名:
代数曲线的渐近线
    
 
作者: 赵慈庚 著
分册:  
出版信息: 长沙   湖南科学技术出版社  1981
页数: 64页
开本: 19cm
丛书名:
单 册:
中图分类: O187.1
科图分类:
主题词: 代数曲线-渐近 , 渐近-代数曲线
电子资源:
ISBN:
000 00632nam0 2200241 45
001 0181005069
005 20060724171237.15
010    @dCNY0.24
091    @aCN@b13204.26
100    @a19950425d1981 em y0chiy0121 ea
101 0  @achi
102    @aCN@b430000
105    @ay z 000yy
200 10 @a代数曲线的渐近线@Adai shu qu xian de jian jin xian@f赵慈庚著
210    @a长沙@c湖南科学技术出版社@d1981
215    @a64页@d19cm
606    @a代数曲线-渐近
606    @a渐近-代数曲线
690    @aO187.1@v3
701  0 @a赵慈庚@Azhao ci geng@4著
801  2 @aCN@bNLC@c20060724
801  0 @aCN@bTSSF
905    @a10447@dO187.1@e5
    
    代数曲线的渐近线/赵慈庚著.-长沙:湖南科学技术出版社,1981
    64页;19cm
    
    
    ISBN :CNY0.24
    
●
相关链接 在E读中查询图书 在五车中查询图书 在当当中查询图书 在豆瓣中查询图书


正题名:代数曲线的渐近线     索取号:O187.1/5         预约/预借

序号 登录号 条形码 馆藏地/架位号 状态 备注
1 0431189   204311896   密集书库/ [索取号:O187.1/5] 在馆    
2 0431190   204311903   密集书库/ [索取号:O187.1/5] 在馆    
唐山师范学院图书馆 欢迎您!
大连网信软件有限公司© 版权所有